000 00973nam a22002417a 4500
999 _c64388
_d64388
005 20240530110729.0
008 150331s2007 ua adk g 000 0 ara d
017 _a2007/26871
_bمصر . دار الكتب المصرية
020 _a9789776270527
040 _aEG-CaGPL
082 0 4 _221
_a005.3\
_bو م
100 1 _aواكينباخ ، جون
245 1 0 _aمايكروسوفت اوفيس2007 بايبل /
_cتاليف جون واكينباخ ؛ الترجمة باعتماد خالد العامرى
250 _aط1
260 _aالقاهرة :
_bدار الفاروق للاستثمارات الثقافية ،
_c2007 .
300 _a1663 ص :
_bايض ؛
_c24 سم.
650 0 4 _aالحاسبات الالكترونية
_xبرامج
650 0 4 _aاوفيس2007 (برنامج حاسبات )
650 0 4 _aنظم المعلومات
700 0 _aخالد العامرى
_eمترجم
942 _2ddc
_cBK